书目信息 |
| 题名: |
反经
|
|
| 作者: | 赵蕤, 著 ;周苏平 注译 | |
| 分册: | ||
| 出版信息: | 合肥 安徽人民出版社 2005 |
|
| 页数: | 412页 | |
| 开本: | 21cm | |
| 丛书名: | 双色图文传世经典 | |
| 单 册: | ||
| 中图分类: | D691 | |
| 科图分类: | ||
| 主题词: | 政治--zheng zhi--谋略--中国--古代 , 政治--中国 | |
| 电子资源: | ||
| ISBN: | 7-212-02068-0 | |
| 000 | 00926cam 2200313 450 | |
| 001 | CAL 012006037180 | |
| 005 | 20061120161450.42 | |
| 010 | @a7-212-02068-0@dCNY 26.00 | |
| 099 | @aCAL 012006037180 | |
| 100 | @a20060407d2005 ekmy0chiy0121 ea | |
| 101 | 0 | @achi |
| 102 | @aCN@b340000 | |
| 105 | @aa z 000yy | |
| 200 | 1 | @a反经@Afan jing@f(唐)赵蕤著@F(tang)zhao rui zhu@g周苏平注译 |
| 205 | @a第2版 | |
| 210 | @a合肥@c安徽人民出版社@d2005 | |
| 215 | @a412页@c彩图@d21cm | |
| 225 | 2 | @a双色图文传世经典@Ashuang se tu wen chuan shi jing dian |
| 410 | 0 | @12001 @a双色图文传世经典 |
| 605 | @a反经@Afan jing@x译文 | |
| 605 | @a反经@Afan jing@x注释 | |
| 606 | 0 | @a政治@Azheng zhi@x谋略@y中国@z古代 |
| 606 | 0 | @a政治@x中国 |
| 690 | @aD691@v4 | |
| 701 | 0 | @a赵蕤,@Azhao rui@f唐代@4著 |
| 702 | 0 | @a周苏平@Azhou su ping@c(哲学)@4注译 |
| 801 | @aCN@c20061120 | |
| 905 | @a10447@dD691@eZ323 | |
| 998 | @aCCAU | |
| 反经/(唐)赵蕤著/周苏平注译.-第2版.-合肥:安徽人民出版社,2005 |
| 412页:彩图;21cm.-(双色图文传世经典) |
| ISBN 7-212-02068-0:CNY 26.00 |
| ● |
| 相关链接 |
|
|
|
正题名:反经
索取号:D691/Z323
 
预约/预借
| 序号 | 登录号 | 条形码 | 馆藏地/架位号 | 状态 | 备注 |
| 1 | 611017 | 206110171 | 社科库509/509社科库 77排4列1层/ [索取号:D691/Z323] | 在馆 | |
| 2 | 611018 | 206110180 | 社科库509/ [索取号:D691/Z323] | 在馆 | |
| 3 | 611019 | 206110199 | 社科库509/ [索取号:D691/Z323] | 在馆 |